| 000 | 00410nam a22001337a 4500 | ||
|---|---|---|---|
| 008 | 170323b xxu||||| |||| 00| 0 eng d | ||
| 050 | _aKJC5132.A53 E975(1981 vol.3) | ||
| 245 |
_aEuropean human rights reports. / _cedited by Graham Zellick. |
||
| 260 |
_aLondon: _bEuropean Law Centre., _c1981. |
||
| 300 |
_axxiv, 616p.: _c25cm. |
||
| 440 |
_vvol.3 _x02604868 |
||
| 800 | _a Zellick, Graham. | ||
| 942 |
_2lcc _cBK |
||
| 999 |
_c6348 _d13848 |
||